| 000 | 00647ntaaa2200205 4500 | ||
|---|---|---|---|
| 003 | 01 | ||
| 005 | 20251027201923.0 | ||
| 008 | 0714s1973 ag 01 | ||
| 040 |
_aAR-BaBN _bspa _cAR-BaBN _eaacr _dRIC |
||
| 082 | _a244.3000 F66 | ||
| 100 |
_ade Flores, Evelina V. _917764 |
||
| 245 | _aEl yugo de los infieles | ||
| 250 | _a1 ed. | ||
| 260 |
_aEl Paso : _bEditorial Verdad, _c1964 |
||
| 300 | _a115 p. | ||
| 500 | _aEmocionante novela religiosa repleta de escenas dramáticas con un poderoso argumento en contra del casamiento de jóvenes evangélicos aquellos que no lo son. | ||
| 650 |
_aNoviazgo _97333 |
||
| 650 | _aMatrimonio | ||
| 942 | _cBK | ||
| 999 |
_c13943 _d13943 |
||